| 000 | 00689 a2200193 4500 | ||
|---|---|---|---|
| 999 |
_c5771 _d5771 |
||
| 020 | _a0387084789 | ||
| 050 | 0 | 0 | _aSB415 HAN 1978 |
| 100 | 1 |
_aHanan, Joe J., _d1931- _eauthor |
|
| 245 | 1 | 0 |
_aGreenhouse management / _cJoe J. Hanan, Winfred D. Holley, Kenneth L. Goldsberry. |
| 264 |
_aBerlin : _bSpringer-Verlag, _c1978. |
||
| 300 |
_axiv, 530 p. : _bill. ; |
||
| 440 | 0 | _aAdvanced series in agricultural sciences 5 ; | |
| 500 | _aIncludes index | ||
| 504 | _aIncludes bibliographies | ||
| 650 | 0 | _aGreenhouse management. | |
| 700 | 1 |
_aHolley, Winfred D. _q(Winfred Davis), _d1914- _ejoint author. |
|
| 700 | 1 |
_aGoldsberry, Kenneth L., _d1932- _ejoint author. |
|
| 942 |
_2lcc _cBK _h415 _iHAN _kSB |
||